00358nam a2200133 a 450000500170000000800410001702000150005805000250007310000180009824500370011626000380015330000210019165000120021220140310183322.0060302s19uu xx 00 eng d a0425070530 aPS 3569b.St912 1984 aStraub, Peter aFloating dragon /cPeter Straub. aNew York :bBerkley Books,c1984. a595 p. :c18 cm. aFiction